<?xml version="1.0" encoding="UTF-8"?>
<collection xmlns="http://www.loc.gov/MARC21/slim">
 <record>
  <leader>01305pmm a22002538a 4500</leader>
  <controlfield tag="001">00032988</controlfield>
  <controlfield tag="005">20171026081023.0</controlfield>
  <controlfield tag="008">150115s2014                  ||||||engsd</controlfield>
  <datafield tag="020" ind1="#" ind2="#">
   <subfield code="c">28000</subfield>
  </datafield>
  <datafield tag="041" ind1="0" ind2="#">
   <subfield code="a">eng</subfield>
  </datafield>
  <datafield tag="082" ind1="1" ind2="4">
   <subfield code="a">428</subfield>
   <subfield code="b">C104F</subfield>
  </datafield>
  <datafield tag="110" ind1="1" ind2="#">
   <subfield code="a">University of Cambridge</subfield>
  </datafield>
  <datafield tag="245" ind1="1" ind2="0">
   <subfield code="h">nguồn liệu điện tử]</subfield>
   <subfield code="a">Cambridge First Certificate in English 2 with answers</subfield>
   <subfield code="b">Official examination papers from University of Cambridge ESOL examinations</subfield>
  </datafield>
  <datafield tag="260" ind1="#" ind2="#">
   <subfield code="a">New York</subfield>
   <subfield code="b">Cambridge university Press</subfield>
   <subfield code="c">2014</subfield>
  </datafield>
  <datafield tag="300" ind1="#" ind2="#">
   <subfield code="e">sách</subfield>
   <subfield code="a">2 CD</subfield>
   <subfield code="c">43/4 in.</subfield>
  </datafield>
  <datafield tag="653" ind1="#" ind2="#">
   <subfield code="a">Cambridge</subfield>
  </datafield>
  <datafield tag="653" ind1="#" ind2="#">
   <subfield code="a">Đĩa CD</subfield>
  </datafield>
  <datafield tag="653" ind1="#" ind2="#">
   <subfield code="a">Tiếng Anh</subfield>
  </datafield>
  <datafield tag="653" ind1="#" ind2="#">
   <subfield code="a">Luyện thi</subfield>
  </datafield>
  <datafield tag="852" ind1="#" ind2="#">
   <subfield code="j">DPT.0003118, DPT.0003119, DPT.0003120, DPT.0003121, DPT.0003122, DPT.0003123, DPT.0003124, DPT.0003125, DPT.0003126, DPT.0003127, DPT.0003128, DPT.0003129, DPT.0003130, DPT.0003131, DPT.0003132, DPT.0003133, DPT.0003134, DPT.0003135</subfield>
   <subfield code="b">Kho đa phương tiện</subfield>
  </datafield>
  <datafield tag="852" ind1="#" ind2="#">
   <subfield code="j">DPT.0003118</subfield>
   <subfield code="j">DPT.0003121</subfield>
   <subfield code="j">DPT.0003123</subfield>
   <subfield code="j">DPT.0003124</subfield>
   <subfield code="j">DPT.0003126</subfield>
   <subfield code="j">DPT.0003127</subfield>
   <subfield code="j">DPT.0003131</subfield>
   <subfield code="j">DPT.0003132</subfield>
   <subfield code="j">DPT.0003119</subfield>
   <subfield code="j">DPT.0003120</subfield>
   <subfield code="j">DPT.0003129</subfield>
   <subfield code="j">DPT.0003130</subfield>
   <subfield code="j">DPT.0003122</subfield>
   <subfield code="j">DPT.0003125</subfield>
   <subfield code="j">DPT.0003128</subfield>
   <subfield code="j">DPT.0003133</subfield>
   <subfield code="j">DPT.0004282</subfield>
   <subfield code="j">DPT.0004281</subfield>
  </datafield>
  <datafield tag="910" ind1=" " ind2=" ">
   <subfield code="d">15/01/2015</subfield>
  </datafield>
  <datafield tag="980" ind1="#" ind2="#">
   <subfield code="a">Trung tâm Học liệu Lê Vũ Hùng, Trường Đại học Đồng Tháp</subfield>
  </datafield>
 </record>
</collection>
